Liège, Charleroi ou les deux ? - Statistiques

Statistiques générales
  • Ce quiz a été pris 31 fois
  • Le résultat moyen est 10 sur 15
Statistiques - réponses
Question Réponse % Correct
A pour spécialités le peket, le boulet et le lacquement Liège
89%
Est traversé par la Sambre Charleroi
86%
Est réputé pour son musée de la photographie Charleroi
86%
A un aéroport Les deux
86%
Est connu pour son club de football, plusieurs fois champion de Belgique Liège
86%
A accueilli une Exposition Universelle Liège
79%
Est réputé pour ses bandes dessinées Charleroi
75%
Est connu pour son passé industriel Les deux
68%
A une cathédrale Liège
64%
Existe depuis plus de 1 000 ans Liège
64%
A une gare connectée au réseau TGV Liège
64%
Compte environ 200 000 habitants Les deux
61%
Est connu pour ses nombreux parcours d'urbex Charleroi
50%
Est la capitale économique de la Wallonie Liège
50%
A une rue nommée : Rue de la Montagne Les deux
29%
Aucun quiz correspondant
Distribution des résultats
% des personnes avec chaque résultat
Percentile par nombre de réponses
Votre historique - résultats
Vous n’avez pas pris ce quiz